000 00566nam a2200157Ia 4500
008 090711s9999 xx 000 0 und d
082 _b54700
100 _aमाटे श्रीपाद महादेव
245 _aमाणुसकीSाा गहिवर
300 _a149
600 _aमाटे श्रीपाद महादेव
630 _aमाणुसकीSाा गहिवर
700 _aमाटे श्रीपाद महादेव
730 _aमाणुसकीSाा गहिवर
942 _cBOOK
999 _c297533
_d297533